000 00182 a2200097 4500
020 _a9781602550018
041 _aspa
100 _aJULISSA
245 _aEL RITMO DE LA VIDA
942 _cBK
999 _c2522
_d2522